| 000 | 00893nam a22003017a 4500 | ||
|---|---|---|---|
| 003 | CHAP | ||
| 005 | 20220329135024.0 | ||
| 008 | 971013s r 00010 d | ||
| 010 | _a29691 | ||
| 011 | _a30663 | ||
| 035 | _a34775 | ||
| 040 | _cCHAP | ||
| 090 | _aFolleto 9080 | ||
| 100 | 0 | 0 |
_aCooke, Rodney D. _927720 |
| 245 | _aEffects of cassava processing on residual cyanide | ||
| 260 |
_a(s.l.) : _b(s.e.), _c(s.a.) |
||
| 300 | _app. 138-142 | ||
| 590 |
_aBATCH-UPD _b10 _c20130110 _lUCH01 _h0031 |
||
| 590 |
_aBATCH-UPD _b10 _c20130110 _lUCH01 _h2148 |
||
| 590 |
_aBATCH-UPD _b10 _c20130409 _lUCH01 _h2014 |
||
| 590 |
_aBATCH-UPD _b10 _c20130914 _lUCH01 _h0930 |
||
| 590 |
_aCONVERSION _b10 _c20130109 _lUCH01 _h1317 |
||
| 650 | 1 | 4 |
_aCianuro. _923008 |
| 650 | 1 | 4 |
_aYuca _xComposición. _9123278 |
| 901 | _aBK | ||
| 942 | _cFOLL | ||
| 949 |
_aFolleto 9080 _bBC _cFOLL _d-80351 _eTS1 _i34775 _mD _si |
||
| 999 |
_c29691 _d29691 |
||